Language Quiz

Random Language or Letter Quiz

Words Un'CHAIN'ed Quiz Stats

 Plays Quiz Updated Jul 9, 2017

Support Sporcle.
Go Orange.
Score 0/20 Timer 04:00
0 Plays Today
Un'CHAIN'ed Word Full Word % Correct
_ _ _ _ _CHINA
89.4%
_ _ _ D K E R _ H _ E FHANDKERCHIEF
86.3%
M _ _ _ _ _ E R YMACHINERY
77.5%
_ R _ _ _ E M E S _ SARCHNEMESIS
77.3%
S P _ _ _ _ _SPINACH
76%
_ _ _ _ T _ L L YCHANTILLY
72.4%
_ _ T I _ _ R _ S TANTICHRIST
71.7%
_ _ _ P L A _ _CHAPLAIN
71.6%
_ Y _ _ _ _ T HHYACINTH
68.6%
_ _ T _ H L _ _ GHATCHLING
68.5%
Un'CHAIN'ed Word Full Word % Correct
_ U R R _ _ _ _ EHURRICANE
66.3%
_ A _ D _ _ _ PHANDICAP
65.7%
G E O _ _ C _ _ _ GGEOCACHING
58.7%
E _ _ _ D _ _ECHIDNA
56.5%
P _ T _ _ M _ _PITCHMAN
55.7%
S _ _ T _ _ _ GSCATHING
50.2%
_ _ _ G R _ _CHAGRIN
49.2%
_ _ _ C _ _ OCHICANO
46.9%
_ _ A R _ _ _ CANARCHIC
42.2%
R _ U _ _ _ _ E RRAUNCHIER
39.9%

You're not logged in!

Compare scores with friends on all Sporcle quizzes.
OR
Log In
Forgot?

From the Vault

NFL Passing Yards Leaders by Year

by CompleteBS

If they're always passing, they must not be failing.
Remove Ads.
Support Sporcle.
Get the best of Sporcle when you Go Orange. This ad-free experience offers more features, more stats, and more fun while also helping to support Sporcle. Thank you for becoming a member.

Show Comments

Extras

Top Quizzes Today


Score Distribution

Your Account Isn't Verified!

In order to create a playlist on Sporcle, you need to verify the email address you used during registration. Go to your Sporcle Settings to finish the process.

Report this User

Report this user for behavior that violates our Community Guidelines.

Details: